000
00276nam a22001097a 4500
082
_a
340/SIN
100
_a
Singh,Pavneet
_9
82183
245
_a
Secret History Of Selection of Supreme Court Judges
260
_a
New Delhi
_b
Unique Publishers
_c
2023
650
_a
Law
942
_c
BK
999
_c
66568
_d
66568